| 000 | 00917cad a22002055a 4500 | ||
|---|---|---|---|
| 001 | L149868 | ||
| 008 | 100510e2010 xxk 000 0 eng d | ||
| 035 | _a(Sirsi) u149868 | ||
| 041 | 0 | _aeng | |
| 050 | _a690.25 $2 18 | ||
| 110 | 2 |
_aAssociation of British Insurers _93272 |
|
| 245 | 0 | 0 |
_aProtecting your home from subsidence damage _h[electronic resource] |
| 260 |
_aLondon _bABI _c[2010?] |
||
| 520 | _aConsumer guide for protecting the home from subsidence damage; covers problems, causes, solution, how to put matters right, and a list of the safe distances from trees (by species) to buildings. | ||
| 590 | _aKA NTK | ||
| 651 | 4 |
_aUnited Kingdom _y |
|
| 690 | _aBUILT ENVIRONMENT-BUILDING PATHOLOGY | ||
| 856 | 4 | 8 |
_uhttps://www.abi.org.uk/~/media/Files/Documents/Publications/Public/Migrated/Home/Protecting your home from subsidence damage.pdf _zView the website free of charge at www.abi.org.uk |
| 942 | _n0 | ||
| 999 |
_c82312 _d82312 |
||